Datum a čas kvízu
23
Celkem bodů
Celkový počet nahraných bodů na tomto kvízu bez doplňovacích otázek.
6.
Pořadí na kvízu
Konečné umístění týmu na tomto kvízu.
Zaznamenané odpovědi
| # | Otázka | Odpověď | Body | Výsledky |
|---|---|---|---|---|
| 1. | V úterý poprvé vystoupil prez... | Rudé právo | 1 | |
| 2. | Vláda které země rozhodla, že... | Islandu | 0 | |
| 3. | Chata jednoho spisovatele leží... | Bohumil Hrabal; Kersko | 1 | |
| 4. | Společnost Nokian představila... | A | 0 | |
| 5. | Americká běžkyně Jessica McCla... | C | 0 | |
| 6. | Vítězné téma facebookového hla... | 1D 2C 3A 4B | 1 | |
| 7. | Která ženská postava běží na k... | Bridget Jones | 1 | |
| 8. | „Celou dobu mi do nosu tekla v... | Spider-Man | 0 | |
| 9. | Tento filmový polibek byl insp... | 1952 | 0 | |
| 10. | Jak se jmenují filmové postavy... | Lady a Tramp | 0 |